| 000 | 00000nam##2200000za#4500 |
| 001 | 9.684236 |
| 003 | CaOODSP |
| 005 | 20210615134055 |
| 007 | ta |
| 008 | 150407|2008||||xxc||||| f|0| 0 fre|d |
| 020 | |a978-0-662-08949-0 |
| 040 | |aCaOODSP|bfre |
| 043 | |an-cn--- |
| 086 | 1 |aFs104-16/2008F |
| 110 | 1 |aCanada. |bMinistère des pêches et des océans. |
| 245 | 10|aZone de protection marine de l'estuaire de la Musquash |
| 260 | |bPêches et Océans Canada |cc2008. |
| 300 | |a1 feuille ([2]p.) : |bcarte en couleur, photographies ; |c28 cm. |
| 563 | |aDépliant |
| 590 | |a10-43|b2010-10-29 |
| 691 | 07|aAire marine de conservation|2gcpds |
| 775 | 08|tMusquash Estuary Marine Protected Area |w(CaOODSP)9.651191 |
| 776 | 0#|tZone de protection marine de l'estuaire de la Musquash |w(CaOODSP)9.635358 |
| 986 | |aMPO/2008-1452 |